000 00591nam a22001697a 4500
003 LK-CoMWRAF
005 20231217164726.0
008 231217b |||||||| |||| 00| 0 eng d
040 _aLK-CoMWRAF
_dLK-CoMWRAF
_eLK-CoMWRAF
041 _asin
082 _a323
_bMAN
245 _aමානව හිමිකම් :
_bඅධ්‍යයන අත්පොත
246 _amanava himikam : adhyayana atpota
260 _aකොළඹ :
_bනීති අධ්‍යාපන හා සහන වැඩපිළිවෙල,
650 _aමානව හිමිකම්
942 _cBK
999 _c4495
_d4495